000 00382nam a2200157Ia 4500
003 OSt
005 20231212080532.0
008 170524s9999 xx 000 0 und d
020 _a81-7391-964-x
040 _cIIMT UNIVERSITY
100 _aSingh Percy K.
245 0 _aHotel Lodging- Restaurent and Resort Management
260 _bKanishka pub
260 _c2007
942 _2ddc
_c02
999 _c7503
_d7503